01546nam a2200337 a 4500001001200000003000800012006001900020007001500039008004100054010001700095020003100112020002700143040002100170035002100191043001200212050002800224082001800252100002400270245013300294260004800427300003200475504005100507505022300558533015200781650005300933650003300986655002901019710001701048856012601065999001701191ebr10629464CaPaEBRm u cr cn|||||||||120418s2012 ctuab sb 001 0 eng d z 2012015899 z9780300183191 (alk. paper) z9780300184761 (e-book) aCaPaEBRcCaPaEBR a(OCoLC)824359853 aa-cc---14aRA650.7.M36bS86 2012eb04a614.4/9512231 aSummers, William C.14aThe great Manchurian plague of 1910-1911h[electronic resource] :bthe geopolitics of an epidemic disease /cWilliam C. Summers. aNew Haven :bYale University Press,cc2012. axiii, 202 p. :bill., maps. aIncludes bibliographical references and index.0 aPlague comes to Manchuria -- The Manchurian question -- The plague -- The international plague conference and its aftermath -- The plague's origin : disease ecology -- Plague and politics -- Epilogue : a century later. aElectronic reproduction.bPalo Alto, Calif. :cebrary,d2011.nAvailable via World Wide Web.nAccess may be limited to ebrary affiliated libraries. 0aPlaguezChinazManchuriaxHistoryy20th century. 0aEpidemicszChinazManchuria. 7aElectronic books.2local2 aebrary, Inc.40uhttp://site.ebrary.com/lib/rucke/Doc?id=10629464zAn electronic book accessible through the World Wide Web; click to view c53406d53406